| 000 | 00752nam a22001817a 4500 | ||
|---|---|---|---|
| 999 |
_c19564 _d19564 |
||
| 003 | OSt | ||
| 005 | 20240308142139.0 | ||
| 008 | 240308b ||||| |||| 00| 0 eng d | ||
| 040 | _c0 | ||
| 082 | _aDPer 621.317 Ie21 July 2022 v.37 n. 7 | ||
| 100 |
_aBeiranvand, Reza. _eauthor. _954184 |
||
| 245 |
_aA family of interleaved high step-up DC—DC converters by integrating a voltage multiplier and an active clamp circuits / _cReza Beiranvand and Soheil Hasani Sangani |
||
| 260 |
_aNew York; _bThe Institute of Electrical and Electronics Engineers, Inc., _cJuly 2022. |
||
| 300 |
_avolume 37, _bpages 8001-8014, _cillustration. |
||
| 700 |
_aBeiranvand, Reza. _eauthor. _954184 |
||
| 700 |
_aSangani, Soheil Hasani. _eauthor. _954185 |
||
| 942 |
_2ddc _cPER |
||